L'analyse des correlations /

Bibliographic Details
Main Author: Darmois, Georges, 1888-
Format: Book
Language:French
Published: [Alencon] : [Impr. alenconnaise], [1949]
Series:Conférences du Palais de la découverte.
Subjects:

MARC

Tag First Indicator Second Indicator Subfields
LEADER 00000cam a2200000 4500
001 in00000057516
005 20151007082155.0
008 800425s1949 fr 00000 fre d
035 |a (OCoLC)06247934 
035 |9 AAF7481AM 
040 |a TXA  |c TXA  |d UtOrBLW 
049 |a TXAM  |c [unacc.] 
090 |a QA273  |b .D22 1949 
092 |a 311.25  |b D222a 
100 1 |a Darmois, Georges,  |d 1888- 
245 1 2 |a L'analyse des correlations /  |c Conference faite au Palais de la decouverte le 17 janvier 1948. 
264 1 |a [Alencon] :  |b [Impr. alenconnaise],  |c [1949] 
300 |a 20 pages ;  |c 18 cm. 
336 |a text  |b txt  |2 rdacontent 
337 |a unmediated  |b n  |2 rdamedia 
338 |a volume  |b nc  |2 rdacarrier 
490 1 |a Les Conferences du Palais de la decouverte 
500 |a At head of title: Universite de Paris. 
650 0 |a Correlation (Statistics) 
830 0 |a Conférences du Palais de la découverte. 
999 |a MARS 
999 f f |s e8d498a7-05db-32c1-b546-f659b8a0f2fc  |i e19084fd-46c8-3273-8b3e-5bbbcf735f0b  |t 0 
952 f f |p ric  |a Texas A&M University  |b Rellis Campus  |c Joint Library Facility  |d Remote Storage  |t 0  |e QA273 .D22 1949  |h Library of Congress classification  |i unmediated -- volume  |m A14800654123 
998 f f |a QA273 .D22 1949  |t 0  |l Remote Storage